000 00445nam a2200193Ia 4500
003 0100
008 130303s9999 xx 000 0 und d
040 _cARRUPELIB
050 _aBF698.A2M38 1981
100 _aMassey, Robert F
245 _aPersonality Theories
245 _bComparisons and Syntheses
260 _aNY
260 _bD. Van Nostrand Company Inc
260 _C1981
300 _a577p.
300 _b 23cm
942 0 0 _08
999 _c25847
_d25847